00676nam a2200241Ia 4500008004000000041000800040082001200048100001600060245006100076260004200137650000700179650000700186650001300193650001300206650001600219650001300235650000800248650001200256690001200268906001100280999001900291952012400310210210b1927 xxu||||| |||| 00| 0 eng d aeng a519/115 aYOUNG (J W) aLectures on fundamental concepts of algebra and geometry aNew YorkbThe Macmillan Companyc1927 aon aof aLectures ageometry afundamental aconcepts aand aalgebra aAlgebra a007976 c140834d140834 001040708MathematicsaALbALcMathematicsd2021-02-17g0.00l0o519/115p007976r2021-02-17 00:00:00w2021-02-17yBK